| 000 | 00494nam a2200181Ia 4500 | ||
|---|---|---|---|
| 003 | GCL | ||
| 008 | 140319s9999 xx 000 0 ara d | ||
| 040 |
_aGCL / _cGCL |
||
| 082 | 0 | 4 |
_a212 _bز ن |
| 100 | 1 | _aزينب الغزالى | |
| 245 | 1 | 0 |
_aنحو بعث جديد / _cزينب الغزالى |
| 260 |
_aالقاهرة : _bدار الشروق ، _c1986 |
||
| 300 | _a157 ص | ||
| 490 | _a | ||
| 650 | 0 | 4 | _aالاسلام |
| 650 | 0 | 4 | _aالاداب الاسلامية |
| 942 |
_2ddc _cBK |
||
| 999 |
_c52540 _d52540 |
||